• 首页
  • 本馆介绍
  • 公告通知
  • 最新文献
  • 馆藏检索
  • 电子资源
  • 读者导购
  • 参考咨询
  • 我的图书馆
  • 登录
  • 详细信息显示
  • 放入我的书架
  • 预约/预借图书
  • 作者相关作品
  • 分类相关作品
  • 丛书相关作品
  • 出版社相关作品

书目信息

  • 表格格式
  • 工作单格式
  • 卡片格式
题名:
全国电视科普节目稿选
    
 
作者: 王录 , 刘元祯 主编
分册:  
出版信息: 北京   海洋出版社  1985
页数: 200页
开本: 19cm
丛书名:
单 册:
中图分类: J922
科图分类:
主题词: 电影完成台本
电子资源:
ISBN:
000 00688nam0 2200253 45
001 0185010523
005 20040509155748.4
010    @dCNY1.00
091    @a10193.0435
100    @a19900829d1985 em y0chiy0121 ea
101 0  @achi
102    @aCN@b110000
105    @ay z 000yy
106    @ar
200 10 @a全国电视科普节目稿选@Aquan guo dian shi ke xue pu jie mu gao xuan@f王录,刘元祯主编
210    @a北京@c海洋出版社@d1985
215    @a200页@d19cm
606 0  @a电影完成台本
690    @aJ922
701  0 @a王录@Awang lu@4主编
701  0 @a刘元祯@Aliu yuan zhen@4主编
801  0 @aCN@b深圳图书馆@c20040509
801  2 @aCN@bNLC@c20040509
905    @f2@b151043-044@dJ922@e29
    
    全国电视科普节目稿选/王录,刘元祯主编.-北京:海洋出版社,1985
    200页;19cm
    
    
    ISBN :CNY1.00
    
●
相关链接 在E读中查询图书 在五车中查询图书 在当当中查询图书 在豆瓣中查询图书


正题名:全国电视科普节目稿选     索取号:J922/29         预约/预借

序号 登录号 条形码 馆藏地/架位号 状态 备注
1 0151043   001218140   密集书库/ [索取号:J922/29] 在馆    
2 0151044   001218131   第一借阅区/ [索取号:J922/29] 在馆    
3 0151045   001218186   第一样本阅览室/ [索取号:J922/29] 在馆    
唐山师范学院图书馆 欢迎您!
大连网信软件有限公司© 版权所有